[Event "ICS rated blitz match"]
[Site "204.178.125.65"]
[Date "2001.10.04"]
[Round "?"]
[White "IgorIvanov"]
[Black "Hossa"]
[Result "1/2-1/2"]
[WhiteElo "2623"]
[BlackElo "2622"]
[PlyCount "391"]
[EventDate "2001.??.??"]

1. d4 Nf6 2. c4 g6 3. Nc3 Bg7 4. e4 d6 5. Be3 Ng4 6. Bg5 f6 7. Bh4 e5 8. Nf3 g5
9. Bg3 h5 10. h3 h4 11. Bxh4 gxh4 12. hxg4 Bxg4 13. Be2 h3 14. g3 Bxf3 15. Bxf3
exd4 16. Qxd4 Nc6 17. Qd5 Ne5 18. Be2 c6 19. Qe6+ Qe7 20. Qxe7+ Kxe7 21. f4 Nd7
22. Bg4 h2 23. Kf2 Nb6 24. Be2 Rh6 25. Kg2 Rah8 26. Rae1 a5 27. Nd1 Na4 28. Bd3
Nc5 29. Bc2 Ne6 30. Ne3 Nd4 31. Rd1 Nxc2 32. Nxc2 Kd7 33. Ne3 Rh5 34. Rd2 a4
35. Kf3 Ke6 36. f5+ Ke7 37. Ng4 b6 38. Rdxh2 Rxh2 39. Rxh2 Rxh2 40. Nxh2 Bh6
41. Ng4 Bc1 42. b3 axb3 43. axb3 Bb2 44. Nf2 Kf7 45. Nd3 Bc3 46. Nf4 Ke7 47.
Ke3 Kd7 48. g4 Bb2 49. Kd3 Bc1 50. Ne6 Ke7 51. Nd4 Kd7 52. b4 Bb2 53. b5 cxb5
54. cxb5 Kc8 55. Kc4 Kd7 56. Kd5 Bc1 57. Ne6 Bh6 58. Nd4 Bc1 59. Nc2 Bf4 60.
Na3 Be3 61. Nc4 Bc5 62. Nb2 Bf2 63. Nd3 Be3 64. Nb4 Bf2 65. Kc4 Ke7 66. Nd5+
Kf7 67. Kd3 Bc5 68. Ke2 Bd4 69. Kf3 Kg7 70. Kg3 Kh7 71. Kh4 Kh6 72. g5+ fxg5+
73. Kg4 Bc5 74. Nc7 Bd4 75. Ne6 Bf6 76. Nf8 Bb2 77. Nd7 Bd4 78. Nb8 Be5 79. Nc6
Bf6 80. Na7 Bd4 81. Nc8 Bc5 82. Ne7 Bd4 83. Nd5 Bc5 84. Kf3 Bd4 85. Ne3 Bxe3
86. Kxe3 g4 87. Kf4 Kh5 88. e5 dxe5+ 89. Kxe5 g3 90. f6 Kg6 91. Ke6 g2 92. f7
g1=Q 93. f8=Q Qe3+ 94. Kd7 Qc3 95. Qd6+ Kh5 96. Qc6 Qg7+ 97. Kc8 Qh8+ 98. Kb7
Qg7+ 99. Kxb6 Qa1 100. Qd5+ Kg4 101. Kc7 Qc3+ 102. Qc6 Qe5+ 103. Kc8 Qh8+ 104.
Kb7 Qh7+ 105. Qc7 Qe4+ 106. Kb8 Qd5 107. b6 Kh3 108. b7 Kg2 109. Ka7 Qd4+ 110.
Qb6 Qa4+ 111. Qa6 Qd4+ 112. Ka8 Qd5 113. Qg6+ Kf3 114. Qf6+ Kg3 115. Qc3+ Kg2
116. Ka7 Qa2+ 117. Kb6 Qb1+ 118. Ka6 Qa2+ 119. Qa5 Qc4+ 120. Qb5 Qa2+ 121. Kb6
Qf2+ 122. Qc5 Qb2+ 123. Kc7 Qg7+ 124. Kc6 Qf6+ 125. Kb5 Qb2+ 126. Qb4 Qe5+ 127.
Kc4 Qe2+ 128. Kc3 Qe1+ 129. Kb3 Qe6+ 130. Ka3 Qa6+ 131. Kb2 Qe2+ 132. Kc1 Qf1+
133. Kc2 Qf5+ 134. Kb2 Qf6+ 135. Qc3 Qb6+ 136. Qb3 Qd4+ 137. Kb1 Qg1+ 138. Kc2
Qf2+ 139. Kc1 Qf4+ 140. Kb1 Qf1+ 141. Ka2 Qa6+ 142. Kb2 Qf6+ 143. Kc1 Qf4+ 144.
Kc2 Qf2+ 145. Kc3 Qe1+ 146. Kc4 Qe4+ 147. Kc5 Qe7+ 148. Kb6 Qd6+ 149. Ka5 Qc5+
150. Ka6 Qd6+ 151. Qb6 Qd3+ 152. Qb5 Qd6+ 153. Ka7 Qd4+ 154. Qb6 Qa4+ 155. Qa6
Qd4+ 156. Ka8 Qd5 157. Qa3 Qe4 158. Qb3 Qc6 159. Qb2+ Kh1 160. Qd4 Qa6+ 161.
Kb8 Qe6 162. Kc7 Qe7+ 163. Kc6 Qe6+ 164. Qd6 Qc4+ 165. Kb6 Qb3+ 166. Kc7 Qf7+
167. Qd7 Qf4+ 168. Kb6 Qe3+ 169. Ka6 Qe2+ 170. Qb5 Qa2+ 171. Kb6 Qf2+ 172. Qc5
Qb2+ 173. Kc7 Qg7+ 174. Kc6 Qf6+ 175. Qd6 Qc3+ 176. Kb5 Qb2+ 177. Qb4 Qe5+ 178.
Qc5 Qb2+ 179. Kc6 Qf6+ 180. Qd6 Qc3+ 181. Kd7 Qg7+ 182. Qe7 Qd4+ 183. Ke8 Qa4+
184. Kf8 Qf4+ 185. Kg7 Qd4+ 186. Kg6 Qd3+ 187. Kg5 Qd2+ 188. Kf5 Qd5+ 189. Kf6
Qd4+ 190. Kf5 Qd5+ 191. Kf4 Qd2+ 192. Qe3 Qh2+ 193. Kg4 Qg2+ 194. Qg3 Qxb7 195.
Qf3+ Qxf3+ 196. Kxf3 {Game drawn because neither player has mating material}
1/2-1/2

[Event "ICS rated blitz match"]
[Site "204.178.125.65"]
[Date "2001.10.04"]
[Round "?"]
[White "Hossa"]
[Black "Hadoken"]
[Result "0-1"]
[WhiteElo "2622"]
[BlackElo "2850"]
[PlyCount "103"]
[EventDate "2001.??.??"]

1. e4 c5 2. Nf3 d6 3. d4 cxd4 4. c3 dxc3 5. Nxc3 Nc6 6. Bc4 e6 7. O-O Nf6 8.
Bf4 Be7 9. Qd2 e5 10. Bg5 O-O 11. Rac1 Be6 12. Bb5 a6 13. Be2 Rc8 14. Rfd1 h6
15. Bxf6 Bxf6 16. Nd5 Bxd5 17. Qxd5 Qb6 18. b3 Nd4 19. Nxd4 exd4 20. a3 Rc5 21.
Rxc5 dxc5 22. Rc1 Rd8 23. Qxc5 Qxb3 24. Bc4 Qb2 25. Rf1 Qc3 26. a4 d3 27. Qc7
Rf8 28. Qc5 d2 29. Qd5 Qb4 30. Rd1 Bc3 31. Be2 Re8 32. Bf3 Qxa4 33. Qxb7 Qb5
34. Qc7 Qe5 35. Qc6 a5 36. Rb1 g6 37. Rd1 Re7 38. Rb1 Qd4 39. Rd1 a4 40. h4 Kg7
41. Qa6 Ra7 42. Qc6 a3 43. e5 a2 44. Qf6+ Kh7 45. g3 Qxe5 46. Qd8 Qe1+ 47. Kg2
a1=Q 48. h5 Qaxd1 49. hxg6+ fxg6 50. Bxd1 Qxd1 51. Kh2 Qh5+ 52. Kg2 {
Hossa resigns} 0-1

[Event "ICS rated blitz match"]
[Site "204.178.125.65"]
[Date "2001.10.04"]
[Round "?"]
[White "Hossa"]
[Black "Hadoken"]
[Result "0-1"]
[WhiteElo "2615"]
[BlackElo "2860"]
[PlyCount "92"]
[EventDate "2001.??.??"]

1. d4 Nf6 2. c4 c5 3. d5 b5 4. cxb5 a6 5. b6 Qxb6 6. Nc3 d6 7. e4 g6 8. Bd3 Bg7
9. Nf3 O-O 10. O-O Qc7 11. Bg5 e5 12. Qd2 Nbd7 13. Bh6 c4 14. Bxg7 Kxg7 15. Be2
Nb6 16. Rac1 Bd7 17. Qg5 Nh5 18. b3 Nf4 19. bxc4 Bh3 20. c5 Qxc5 21. Nxe5 Bxg2
22. Qxf4 dxe5 23. Qxe5+ f6 24. Qf4 Bxf1 25. Bxf1 Qd4 26. Ne2 Qe5 27. Qe3 Rfc8
28. Nc3 Nc4 29. Bxc4 Rxc4 30. f4 Qc7 31. Ne2 Rxc1+ 32. Nxc1 Qc2 33. a3 Rc8 34.
Ne2 Rc4 35. Qa7+ Kh6 36. Ng3 Qd1+ 37. Kg2 Rc3 38. Qxa6 Qf3+ 39. Kg1 Rc1+ 40.
Qf1 Rxf1+ 41. Nxf1 Kh5 42. a4 Kg4 43. Nd2 Qe3+ 44. Kh1 Qxd2 45. f5 Kf3 46. fxg6
Qg2# {Hossa checkmated} 0-1

[Event "ICS rated bullet match"]
[Site "204.178.125.65"]
[Date "2001.10.04"]
[Round "?"]
[White "Hossa"]
[Black "ChesterX"]
[Result "0-1"]
[WhiteElo "2408"]
[BlackElo "2567"]
[PlyCount "114"]
[EventDate "2001.??.??"]

1. d4 Nf6 2. c4 e6 3. Nc3 Bb4 4. e3 O-O 5. Nge2 Re8 6. a3 Bf8 7. Nf4 d6 8. Bd3
e5 9. Nfe2 e4 10. Bc2 Bg4 11. O-O Nbd7 12. b3 a6 13. Bb2 d5 14. cxd5 Nb6 15.
Qd2 Nbxd5 16. Na4 Bd6 17. h3 Bxe2 18. Qxe2 Qe7 19. Qd2 c6 20. Bd1 Qe6 21. Rc1
Bc7 22. Nc5 Qd6 23. g3 b6 24. Na4 Qe6 25. Kh2 a5 26. Nc3 Rad8 27. Be2 Rd6 28.
Ba6 Nxc3 29. Qxc3 Nd5 30. Qc2 Qf5 31. Rfe1 Rh6 32. Bf1 Rf6 33. Kg1 Re7 34. Qe2
Ree6 35. Rc2 Rg6 36. Qa6 Re8 37. Bg2 Rf6 38. Rec1 Qd7 39. Qe2 Ree6 40. Qg4 Rg6
41. Qf5 Bxg3 42. Qh5 Bf4 43. a4 Nxe3 44. fxe3 Bxe3+ 45. Kh1 Bxc1 46. Rxc1 Rxg2
47. Kxg2 Rh6 48. Qe2 Qxh3+ 49. Kf2 Qh4+ 50. Kf1 Rf6+ 51. Kg1 Qg3+ 52. Qg2 Qe3+
53. Kh1 Rh6+ 54. Qh2 Qf3+ 55. Kg1 Rg6+ 56. Qg3 Rxg3+ 57. Kh2 Qg2# {
Hossa checkmated} 0-1

[Event "ICS Rated standard match"]
[Site "204.178.125.65"]
[Date "2001.10.04"]
[Round "?"]
[White "diep"]
[Black "Hossa"]
[Result "1/2-1/2"]
[WhiteElo "2431"]
[BlackElo "2276"]
[PlyCount "156"]
[EventDate "2001.??.??"]

1. d4 g6 2. c4 Bg7 3. Nc3 d6 4. e4 Nf6 5. Be2 O-O 6. Nf3 e5 7. O-O exd4 8. Nxd4
Bd7 9. Be3 Nc6 10. f3 Nxd4 11. Bxd4 Ne8 12. c5 Bc6 13. Bxg7 Nxg7 14. cxd6 Qxd6
15. Qxd6 cxd6 16. Rfd1 Rfd8 17. Rd2 Kf8 18. Rad1 Ke7 19. Bc4 Rac8 20. Nd5+ Bxd5
21. Bxd5 Rd7 22. Bb3 f6 23. g3 Ne6 24. Kf2 Nc5 25. Bd5 Na4 26. a3 b5 27. Bb3
Nc5 28. Ba2 Na4 29. Ke3 Nb6 30. h4 h5 31. Bb3 Nc4+ 32. Bxc4 bxc4 33. Rc1 Ke6
34. b3 Rdc7 35. Rdc2 d5 36. Rc3 Rc6 37. Kd4 Rd8 38. Re1 dxe4+ 39. Kxe4 Kf7 40.
Kf4 Rd3 41. Rec1 Rcd6 42. Rxd3 cxd3 43. Ke3 d2 44. Rd1 Rb6 45. b4 Ra6 46. Rxd2
Rxa3+ 47. Rd3 Rxd3+ 48. Kxd3 Ke6 49. Ke4 Kd6 50. g4 Ke6 51. gxh5 gxh5 52. Kf4
Kd5 53. Kf5 Kc4 54. f4 Kxb4 55. Kxf6 a5 56. f5 a4 57. Kg5 a3 58. f6 a2 59. f7
a1=Q 60. f8=Q+ Kc4 61. Qf7+ Kc5 62. Qc7+ Kd5 63. Qd7+ Kc5 64. Qf5+ Kd6 65. Qd3+
Kc7 66. Qc4+ Kd6 67. Qb4+ Kd7 68. Qb5+ Kd6 69. Qb6+ Kd7 70. Qb7+ Kd6 71. Qb8+
Kd7 72. Kxh5 Qd1+ 73. Kg6 Qg1+ 74. Kf5 Qf2+ 75. Kg4 Qe2+ 76. Kf5 Qf2+ 77. Kg4
Qe2+ 78. Kf5 Qf2+ {Game drawn by repetition} 1/2-1/2

[Event "ICS rated blitz match"]
[Site "204.178.125.65"]
[Date "2001.10.04"]
[Round "?"]
[White "winner3"]
[Black "Hossa"]
[Result "1-0"]
[WhiteElo "2765"]
[BlackElo "2609"]
[PlyCount "101"]
[EventDate "2001.??.??"]

1. e4 c5 2. Nc3 Nc6 3. f4 e6 4. Nf3 d5 5. Bb5 Nge7 6. Qe2 d4 7. Nd1 a6 8. Bxc6+
Nxc6 9. a4 d3 10. Qxd3 Qxd3 11. cxd3 Nb4 12. Ke2 Bd6 13. e5 Be7 14. b3 O-O 15.
Bb2 Rd8 16. Nf2 Nd5 17. g3 Bd7 18. d4 b5 19. dxc5 bxa4 20. Rhc1 axb3 21. Ra3
Rdb8 22. Ne4 a5 23. Nd6 Ra6 24. Nd4 a4 25. c6 Bc8 26. Rca1 Rba8 27. d3 f6 28.
h3 g6 29. Kf3 g5 30. Rc1 Nb4 31. Ke2 Na2 32. Rc4 gxf4 33. gxf4 fxe5 34. fxe5
Kh8 35. c7 Bf8 36. Nc6 Rxc6 37. Rxc6 Kg8 38. Rxa4 Rxa4 39. Nxc8 Ra8 40. Nb6 Re8
41. Rxe6 Rxe6 42. c8=Q Nc3+ 43. Qxc3 Kg7 44. Qxb3 Re8 45. e6+ Kg6 46. Qc4 Be7
47. Qe4+ Kh6 48. Bc1+ Kg7 49. Qg4+ Bg5 50. Qxg5+ Kh8 51. Bb2# {Hossa checkmated
} 1-0

[Event "ICS rated blitz match"]
[Site "204.178.125.65"]
[Date "2001.10.04"]
[Round "?"]
[White "Hossa"]
[Black "IUROSAMAD"]
[Result "1-0"]
[WhiteElo "2600"]
[BlackElo "2365"]
[PlyCount "111"]
[EventDate "2001.??.??"]

1. d4 Nf6 2. f4 d5 3. e3 g6 4. c4 c6 5. cxd5 cxd5 6. Nf3 Bg7 7. Nc3 O-O 8. Ne5
Ne8 9. Bd3 f6 10. Nxg6 hxg6 11. Bxg6 f5 12. Qh5 Nf6 13. Qh4 Be6 14. Bd2 Bf7 15.
Bxf5 e6 16. Bc2 Nc6 17. g4 Nb4 18. Bb1 Ne4 19. Qxd8 Rfxd8 20. Nxe4 Rac8 21. Ng5
Nc2+ 22. Bxc2 Rxc2 23. b3 Rdc8 24. h4 Rb2 25. f5 Rcc2 26. fxe6 Bg6 27. Rh2 Bf6
28. Rf2 Bxg5 29. hxg5 Rxa2 30. Rxa2 Rxa2 31. e7 Kg7 32. Rf8 Rb2 33. b4 b6 34.
e8=Q Bxe8 35. Rxe8 a5 36. bxa5 bxa5 37. Bxa5 Rb5 38. Bd8 Kf7 39. Re7+ Kg6 40.
Rd7 Rb1+ 41. Kf2 Rb2+ 42. Kg3 Rg2+ 43. Kf4 Rxg4+ 44. Kf3 Rg1 45. Rxd5 Rf1+ 46.
Ke2 Ra1 47. e4 Ra2+ 48. Kf3 Ra3+ 49. Kf4 Ra1 50. Rd6+ Kg7 51. Bf6+ Kf7 52. Rd7+
Kf8 53. g6 Rf1+ 54. Ke5 Rxf6 55. Kxf6 Ke8 56. Rd6 {IUROSAMAD resigns} 1-0

[Event "ICS rated blitz match"]
[Site "204.178.125.65"]
[Date "2001.10.04"]
[Round "?"]
[White "IUROSAMAD"]
[Black "Hossa"]
[Result "0-1"]
[WhiteElo "2358"]
[BlackElo "2607"]
[PlyCount "62"]
[EventDate "2001.??.??"]

1. d4 Nf6 2. c4 e6 3. Nf3 d5 4. Nc3 Nbd7 5. Bg5 c6 6. cxd5 exd5 7. e3 Bd6 8.
Bd3 O-O 9. Qc2 Qc7 10. O-O Re8 11. Rab1 h6 12. Bh4 Ng4 13. Bg3 Bxg3 14. hxg3
Ndf6 15. b4 b6 16. Rfc1 Bd7 17. Bf5 Bxf5 18. Qxf5 Red8 19. Qc2 Qd7 20. Nh2 Nxh2
21. Kxh2 Qg4 22. f3 Qg5 23. Re1 Re8 24. Qf2 Re6 25. Rbc1 Rae8 26. Nd1 Nd7 27.
a4 c5 28. bxc5 bxc5 29. dxc5 Rc6 30. Nb2 Nxc5 31. Rc3 Ne4 {IUROSAMAD resigns}
0-1

[Event "ICS rated blitz match"]
[Site "204.178.125.65"]
[Date "2001.10.04"]
[Round "?"]
[White "Hossa"]
[Black "IUROSAMAD"]
[Result "1-0"]
[WhiteElo "2613"]
[BlackElo "2352"]
[PlyCount "67"]
[EventDate "2001.??.??"]

1. d4 Nf6 2. f4 d5 3. e3 g6 4. c4 c6 5. cxd5 cxd5 6. Nf3 Bg7 7. Nc3 O-O 8. Ne5
Ne8 9. Bd3 f6 10. Nf3 Bf5 11. Bxf5 gxf5 12. Qb3 e6 13. Qxb7 Nd7 14. Nxd5 exd5
15. Qxd5+ Kh8 16. b3 Nb6 17. Qxd8 Rxd8 18. Ba3 Rg8 19. Nh4 Nd6 20. Bxd6 Rxd6
21. Nxf5 Rd7 22. g4 Bf8 23. Rg1 Ba3 24. Kf2 Rc8 25. Kf3 Nd5 26. g5 fxg5 27.
Rxg5 Rf8 28. Rag1 Be7 29. Rg7 Rc7 30. Nh6 Nf6 31. Nf7+ Rxf7 32. Rxf7 Ng8 33.
Rgg7 Rb7 34. Rxh7# {IUROSAMAD checkmated} 1-0

[Event "ICS rated blitz match"]
[Site "204.178.125.65"]
[Date "2001.10.04"]
[Round "?"]
[White "IUROSAMAD"]
[Black "Hossa"]
[Result "0-1"]
[WhiteElo "2346"]
[BlackElo "2619"]
[PlyCount "45"]
[EventDate "2001.??.??"]

1. d4 Nf6 2. c4 c5 3. d5 b5 4. cxb5 a6 5. b6 Qxb6 6. Nc3 d6 7. Nf3 g6 8. Nd2
Bg7 9. e4 O-O 10. Nc4 Qc7 11. Bf4 Ne8 12. Be2 f5 13. exf5 Bxf5 14. O-O Nd7 15.
Re1 Rb8 16. Bg4 Rb4 17. Bxf5 Rxf5 18. Rxe7 Rxf4 19. Rxe8+ Nf8 20. Ne3 Rxb2 21.
Ne2 Rxe2 22. Qxe2 Bxa1 23. Nc2 {IUROSAMAD resigns} 0-1

[Event "ICS rated blitz match"]
[Site "204.178.125.65"]
[Date "2001.10.04"]
[Round "?"]
[White "Hossa"]
[Black "IUROSAMAD"]
[Result "1-0"]
[WhiteElo "2625"]
[BlackElo "2340"]
[PlyCount "61"]
[EventDate "2001.??.??"]

1. e4 e5 2. Nf3 Nc6 3. Bb5 a6 4. Bxc6 dxc6 5. O-O Bg4 6. h3 h5 7. d3 Qf6 8. Be3
Bxf3 9. Qxf3 Qxf3 10. gxf3 Ne7 11. f4 exf4 12. Bxf4 O-O-O 13. Bg5 f6 14. Be3 g5
15. Nc3 Ng6 16. Ne2 Bd6 17. f3 Rhg8 18. Kf2 Nf4 19. Bxf4 gxf4 20. Rad1 c5 21.
Rg1 Be5 22. Rxg8 Rxg8 23. c3 Kd7 24. d4 cxd4 25. cxd4 Bd6 26. e5 Be7 27. Nxf4
fxe5 28. dxe5+ Kc6 29. Rc1+ Bc5+ 30. Ke2 Rg5 31. Rxc5+ {IUROSAMAD resigns} 1-0

[Event "ICS rated blitz match"]
[Site "204.178.125.65"]
[Date "2001.10.04"]
[Round "?"]
[White "IgorIvanov"]
[Black "Hossa"]
[Result "0-1"]
[WhiteElo "2621"]
[BlackElo "2630"]
[PlyCount "86"]
[EventDate "2001.??.??"]

1. d4 Nf6 2. c4 c5 3. d5 b5 4. cxb5 a6 5. bxa6 g6 6. Nc3 Bxa6 7. Nf3 Bg7 8. g3
Qa5 9. Bd2 Qb4 10. Rb1 Ne4 11. a3 Nxc3 12. axb4 Nxd1 13. Kxd1 Bc4 14. e4 Bb3+
15. Ke1 Bc2 16. Rc1 Bxe4 17. Bg2 d6 18. Nh4 Bxg2 19. Nxg2 Bxb2 20. Rb1 cxb4 21.
Bxb4 Ra2 22. Nf4 Na6 23. Nd3 Kd7 24. Bd2 Rb8 25. Nxb2 Rbxb2 26. Rxb2 Rxb2 27.
Ke2 Nb4 28. Ra1 Nxd5 29. Ra7+ Kc6 30. h4 Kc5 31. Kd3 Rb3+ 32. Ke2 Kd4 33. Ra4+
Ke5 34. h5 f6 35. hxg6 hxg6 36. g4 f5 37. gxf5 Kxf5 38. Ra5 e6 39. Be3 g5 40.
Ra8 Nxe3 41. fxe3 d5 42. Kf3 d4 43. Ra5+ e5 {IgorIvanov resigns} 0-1

[Event "ICS rated blitz match"]
[Site "204.178.125.65"]
[Date "2001.10.04"]
[Round "?"]
[White "Hossa"]
[Black "EroeInrico"]
[Result "1-0"]
[WhiteElo "2646"]
[BlackElo "2294"]
[PlyCount "107"]
[EventDate "2001.??.??"]

1. d4 Nf6 2. c4 g6 3. g3 Bg7 4. Bg2 d6 5. Nh3 O-O 6. O-O Na6 7. Nc3 c5 8. d5
Nc7 9. Bf4 a6 10. Ng5 h6 11. Nf3 g5 12. Bc1 Bf5 13. h4 g4 14. Nh2 h5 15. e4 Bg6
16. Bf4 Nd7 17. Qd2 Ne5 18. Qe2 Rb8 19. Rfe1 Qd7 20. Rac1 b5 21. b3 Bh7 22.
cxb5 axb5 23. Qd2 b4 24. Ne2 Nb5 25. Red1 Ra8 26. Rf1 Ra7 27. Rce1 Rfa8 28. Bh6
Bf6 29. Nc1 Ng6 30. Re3 Nc3 31. a4 c4 32. Na2 Nxa2 33. Qxa2 cxb3 34. Rxb3 Rxa4
35. Qd2 Bc3 36. Qg5 Ra3 37. Rbb1 b3 38. Qxh5 b2 39. Nxg4 Ra1 40. Be3 Rxb1 41.
Nh6+ Kf8 42. Rxb1 Ra1 43. Qd1 Qa4 44. Qxa4 Rxa4 45. Bf1 Ne5 46. Nf5 Ra1 47.
Rxb2 Bxb2 48. Kg2 Bxf5 49. exf5 Rd1 50. Bh6+ Kg8 51. Bg5 f6 52. Be3 Rxd5 53.
Ba6 Nc4 54. Bxc4 {EroeInrico resigns} 1-0

[Event "ICS Rated blitz match"]
[Site "204.178.125.65"]
[Date "2001.10.04"]
[Round "?"]
[White "EroeInrico"]
[Black "Hossa"]
[Result "0-1"]
[WhiteElo "2290"]
[BlackElo "2650"]
[PlyCount "120"]
[EventDate "2001.??.??"]

1. d4 Nf6 2. Nf3 e6 3. Bf4 c5 4. e3 cxd4 5. exd4 Nd5 6. Bd2 Nc6 7. c4 Nc7 8.
Nc3 d5 9. cxd5 Nxd5 10. Bc4 Nb6 11. Bb5 Be7 12. O-O O-O 13. Be3 Nb4 14. a3 N4d5
15. Bd3 Bd7 16. Rc1 Nxc3 17. Rxc3 Nd5 18. Rc1 Qe8 19. Ne5 Bb5 20. Qe2 Bxd3 21.
Qxd3 f6 22. Nf3 Bd6 23. Rc2 Qd7 24. Rfc1 Rfd8 25. Nd2 Rac8 26. Ne4 Rxc2 27.
Rxc2 Bb8 28. Qc4 Qe8 29. Nc5 b6 30. Ne4 Qh5 31. Ng3 Bxg3 32. hxg3 Qd1+ 33. Kh2
b5 34. Qe2 Qxe2 35. Rxe2 Rc8 36. Kg1 Kf7 37. Kf1 g5 38. Ke1 Kg6 39. Kd1 h5 40.
Rc2 Rc4 41. b3 Nxe3+ 42. fxe3 Rxc2 43. Kxc2 Kf5 44. Kd3 a6 45. e4+ Kg6 46. a4
bxa4 47. bxa4 Kf7 48. Kc4 Ke7 49. Kc5 Kd7 50. Kb6 e5 51. d5 f5 52. Kxa6 fxe4
53. Kb7 e3 54. a5 e2 55. a6 e1=Q 56. a7 Qb4+ 57. Ka6 Qa4+ 58. Kb7 Qb5+ 59. Ka8
Kc8 60. d6 Qc6# {EroeInrico checkmated} 0-1

[Event "ICS Rated blitz match"]
[Site "204.178.125.65"]
[Date "2001.10.04"]
[Round "?"]
[White "Hossa"]
[Black "IgorIvanov"]
[Result "0-1"]
[WhiteElo "2654"]
[BlackElo "2633"]
[PlyCount "82"]
[EventDate "2001.??.??"]

1. d4 Nf6 2. f4 d5 3. e3 Bg4 4. Be2 Bxe2 5. Qxe2 c6 6. Nf3 Nbd7 7. Nc3 e6 8.
Bd2 Bb4 9. O-O-O a5 10. Ng5 h6 11. Nf3 Bxc3 12. Bxc3 Ne4 13. g4 b5 14. Be1 b4
15. Kb1 Qb6 16. Nd2 Nxd2+ 17. Bxd2 Nf6 18. f5 Ne4 19. fxe6 fxe6 20. Rhf1 Ke7
21. Rf4 Raf8 22. Be1 g5 23. Rxe4 dxe4 24. Bg3 Qb5 25. Qe1 Rf3 26. Rc1 Rhf8 27.
Qd2 Rf1 28. Be1 Rg1 29. Rd1 Rff1 30. Rc1 Qc4 31. h3 Kd7 32. Rd1 Rh1 33. a3 b3
34. cxb3 Qxb3 35. Kc1 Qc4+ 36. Kb1 Qd3+ 37. Kc1 Qxd2+ 38. Kxd2 Rh2+ 39. Kc1 a4
40. Bd2 Rxd1+ 41. Kxd1 Rxh3 {Hossa resigns} 0-1

[Event "ICS Rated blitz match"]
[Site "204.178.125.65"]
[Date "2001.10.04"]
[Round "?"]
[White "Hossa"]
[Black "perdices"]
[Result "1-0"]
[WhiteElo "2637"]
[BlackElo "2024"]
[PlyCount "85"]
[EventDate "2001.??.??"]

1. e4 c5 2. Nc3 e6 3. g3 Nc6 4. Bg2 g6 5. d3 Bg7 6. Be3 d6 7. Qd2 Rb8 8. Nf3 b5
9. a3 Nd4 10. O-O Ne7 11. b4 Nxf3+ 12. Bxf3 cxb4 13. axb4 a6 14. Bh6 O-O 15.
Bxg7 Kxg7 16. Bg2 Qb6 17. d4 e5 18. dxe5 dxe5 19. Nd5 Qa7 20. Qc3 f6 21. Ra5
Rf7 22. Rd1 Be6 23. Nc7 Bc4 24. Rd7 Rc8 25. Ne8+ Rxe8 26. Rxa7 Rd8 27. f3 Rd1+
28. Kf2 Nc6 29. Rxf7+ Kxf7 30. Rxa6 Nd4 31. Ra7+ Kg8 32. Rc7 Rc1 33. Rxc4 bxc4
34. Qxc4+ Kg7 35. c3 Rc2+ 36. Ke3 Ne2 37. Qc7+ Kh6 38. Qd8 Nxc3 39. Qf8+ Kh5
40. g4+ Kg5 41. h4+ Kxh4 42. Qh6+ Kg3 43. Qh3# {perdices checkmated} 1-0

[Event "ICS rated blitz match"]
[Site "204.178.125.65"]
[Date "2001.10.04"]
[Round "?"]
[White "Tinker"]
[Black "Hossa"]
[Result "1-0"]
[WhiteElo "2473"]
[BlackElo "2638"]
[PlyCount "104"]
[EventDate "2001.??.??"]

1. e4 e5 2. Nf3 d6 3. d4 Nf6 4. Nc3 Nbd7 5. Bc4 exd4 6. Qxd4 Be7 7. O-O O-O 8.
Bg5 Nb6 9. Bb3 Re8 10. a4 Be6 11. Bxe6 fxe6 12. a5 c5 13. Qd3 Nbd7 14. Qc4 Nf8
15. e5 d5 16. Qh4 N6d7 17. Qh5 Bxg5 18. Nxg5 Nxe5 19. Nxh7 Nxh7 20. Qxe5 Qb8
21. Qe2 Nf6 22. Ra4 Qc7 23. Rd1 d4 24. Ne4 Nxe4 25. Qxe4 Qf7 26. Ra3 Qh5 27.
Rf3 Re7 28. a6 Qh7 29. Qe2 bxa6 30. Qc4 Qh5 31. Re1 Rae8 32. Qxa6 Qg5 33. Qd3
Rb7 34. Rh3 Rxb2 35. Qh7+ Kf8 36. Rf3+ Ke7 37. Rg3 Qd2 38. Rxe6+ Kxe6 39. Qe4+
Kf7 40. Rf3+ Kg8 41. Qxe8+ Kh7 42. Qe4+ Kg8 43. Qe6+ Kh7 44. Rh3+ Qh6 45. Rxh6+
gxh6 46. f4 a5 47. Qf5+ Kg7 48. Qxc5 Kg6 49. Qxd4 Rb1+ 50. Kf2 Rc1 51. Kg3 Kf7
52. Qd2 Rb1 {Hossa resigns} 1-0

[Event "ICS rated blitz match"]
[Site "204.178.125.65"]
[Date "2001.10.04"]
[Round "?"]
[White "PostModernist"]
[Black "Hossa"]
[Result "1-0"]
[WhiteElo "2690"]
[BlackElo "2615"]
[PlyCount "162"]
[EventDate "2001.??.??"]

1. e4 d5 2. exd5 Qxd5 3. Nc3 Qe6+ 4. Be2 Qg6 5. Bf3 Nf6 6. d4 Bg4 7. Bf4 Na6 8.
Qe2 Bxf3 9. Nxf3 Qxg2 10. Rg1 Qh3 11. Qb5+ c6 12. Qxb7 Qc8 13. Qb3 Nh5 14. Ne5
e6 15. Ne2 Nxf4 16. Nxf4 Rb8 17. Qf3 Nb4 18. Qe4 Nd5 19. Nfd3 f6 20. Nc4 g6 21.
O-O-O Bh6+ 22. f4 O-O 23. Rgf1 Kh8 24. Nc5 Rb4 25. Nd2 e5 26. c3 Rb5 27. c4
Rxc5 28. dxc5 Nxf4 29. Kb1 Re8 30. Nf3 f5 31. Qe3 Qe6 32. Qb3 Bf8 33. Qb7 h6
34. Rfe1 e4 35. Qc7 Nh5 36. Nd4 Qxc4 37. Rg1 Qxc5 38. Qf7 Rb8 39. Rxg6 Bg7 40.
Rxh6+ Bxh6 41. Qxh5 Qd6 42. Nxf5 Rxb2+ 43. Ka1 Rxh2 44. Rxd6 Rxh5 45. Rxh6+
Rxh6 46. Nxh6 e3 47. Nf7+ Kg7 48. Ne5 e2 49. Nd3 c5 50. Kb2 c4 51. Ne1 Kg6 52.
Kc3 Kf5 53. Kd2 Ke5 54. Kxe2 Kd4 55. Kd2 c3+ 56. Kc2 Kc4 57. a3 a6 58. Nf3 a5
59. Ne1 Kd4 60. Kb3 Kd5 61. Kxc3 Kc6 62. Kc4 Kb6 63. Nf3 Ka6 64. Ne5 Kb6 65. a4
Ka6 66. Kc5 Kb7 67. Kb5 Ka7 68. Kxa5 Kb7 69. Kb5 Kc7 70. a5 Kb7 71. a6+ Ka7 72.
Ng4 Kb8 73. Kb6 Ka8 74. Nf6 Kb8 75. Ne8 Kc8 76. a7 Kd7 77. a8=Q Ke7 78. Qc6 Kf7
79. Qf6+ Kxe8 80. Qg7 Kd8 81. Qf7 Kc8 {Hossa resigns} 1-0

[Event "ICS rated bullet match"]
[Site "204.178.125.65"]
[Date "2001.10.04"]
[Round "?"]
[White "PostModernist"]
[Black "Hossa"]
[Result "1/2-1/2"]
[WhiteElo "2398"]
[BlackElo "2399"]
[PlyCount "95"]
[EventDate "2001.??.??"]

1. c4 e5 2. g3 Nf6 3. Bg2 Nc6 4. Nc3 g6 5. d3 Bg7 6. Rb1 O-O 7. Nf3 d6 8. O-O
Rb8 9. b4 Bf5 10. Bg5 Qd7 11. b5 Ne7 12. e4 Bh3 13. Bxh3 Qxh3 14. Be3 Ra8 15.
Ng5 Qd7 16. d4 exd4 17. Bxd4 h6 18. Nf3 Qh3 19. Bxf6 Bxf6 20. Nd5 Nxd5 21. Qxd5
b6 22. Qb7 Rfc8 23. Rfd1 Kh7 24. Nd4 Bxd4 25. Rxd4 Kg7 26. Rdd1 h5 27. Rd5 h4
28. Rb3 Rab8 29. Qc6 f6 30. Rdd3 Qg4 31. Ra3 hxg3 32. Rxg3 Qe6 33. Rxa7 Qe7 34.
f4 Qf7 35. h4 Kf8 36. f5 gxf5 37. exf5 Qe7 38. Kf1 Qe5 39. Rf3 Re8 40. Qxc7
Qe1+ 41. Kg2 Re2+ 42. Kh3 Qh1+ 43. Kg4 Rg2+ 44. Rg3 Qd1+ 45. Kh3 Qh1+ 46. Kg4
Qd1+ 47. Kh3 Qh1+ 48. Kg4 {Game drawn by repetition} 1/2-1/2

[Event "ICS rated bullet match"]
[Site "204.178.125.65"]
[Date "2001.10.04"]
[Round "?"]
[White "Hossa"]
[Black "PostModernist"]
[Result "0-1"]
[WhiteElo "2399"]
[BlackElo "2398"]
[PlyCount "96"]
[EventDate "2001.??.??"]

1. d4 d5 2. c4 dxc4 3. e3 c5 4. Nf3 cxd4 5. Bxc4 Qc7 6. Qxd4 Be6 7. Bb5+ Bd7 8.
Bxd7+ Nxd7 9. Nc3 e5 10. Nd5 Qb8 11. Qd3 Ne7 12. O-O Qd6 13. e4 Nxd5 14. exd5
Be7 15. Rd1 O-O 16. Ng5 Nf6 17. Be3 Rfc8 18. Rac1 Rxc1 19. Bxc1 Rd8 20. Ne4
Nxe4 21. Qxe4 f6 22. Qa4 a6 23. Qg4 g6 24. Bh6 f5 25. Qg3 Rc8 26. Qd3 b5 27.
Be3 Kf7 28. Qe2 f4 29. Bc1 Qf6 30. Qd3 Kg7 31. b3 Bc5 32. Bb2 Bd6 33. Re1 h5
34. a4 bxa4 35. bxa4 Rb8 36. Bc3 Rc8 37. Ba1 Rc5 38. Qe4 Qf5 39. Qf3 Rc2 40.
Qb3 Kh6 41. Rf1 Qe4 42. Bb2 Rxf2 43. Qh3 Qe2 44. Rxf2 Qe1+ 45. Rf1 Bc5+ 46. Bd4
Bxd4+ 47. Qe3 Bxe3+ 48. Kh1 Qxf1# {Hossa checkmated} 0-1

[Event "ICS rated blitz match"]
[Site "204.178.125.65"]
[Date "2001.10.04"]
[Round "?"]
[White "Hossa"]
[Black "PostModernist"]
[Result "0-1"]
[WhiteElo "2593"]
[BlackElo "2705"]
[PlyCount "63"]
[EventDate "2001.??.??"]

1. e4 c5 2. Nc3 g6 3. f4 Bg7 4. Nf3 d6 5. Bc4 Nf6 6. e5 dxe5 7. fxe5 Ng4 8. Qe2
Nc6 9. e6 Bxe6 10. Bxe6 fxe6 11. O-O Qd7 12. Ng5 Nge5 13. Nb5 O-O-O 14. a4 a6
15. Nc3 h6 16. Nge4 c4 17. Qd1 Rhf8 18. Rxf8 Rxf8 19. Nf2 Rxf2 20. Kxf2 Qd4+
21. Ke2 Qg4+ 22. Kf2 Qf5+ 23. Kg1 Ng4 24. Nd5 Qf2+ 25. Kh1 Qh4 26. Qg1 Nf2+ 27.
Qxf2 Qxf2 28. h3 Qe1+ 29. Kh2 Be5+ 30. Nf4 Bxf4+ 31. g3 Qxg3+ 32. Kh1 {
Hossa resigns} 0-1